Normal view
MARC view
- Chemistry Inorganic and Physical
Entry Topical Term
001 - CONTROL NUMBER
- control field: 113599
003 - CONTROL NUMBER IDENTIFIER
- control field: NUST
005 - DATE AND TIME OF LATEST TRANSACTION
- control field: 20230713112022.0
008 - FIXED-LENGTH DATA ELEMENTS
- fixed length control field: 230713|| aca||aabn | a|a d
040 ## - CATALOGING SOURCE
- Original cataloging agency: NUST
- Transcribing agency: NUST
150 ## - HEADING--TOPICAL TERM
- Topical term or geographic name entry element: Chemistry Inorganic and Physical
670 ## - SOURCE DATA FOUND
- Source citation: Work cat.: (NUST)183616: Prescott, Frederick 40090, Intermediate Chemistry Inorganic and Physical /1939, 1939
